00842nam a22001337a 4500008004100000020001500041050001400056100002500070245009600095250000900191300003500200500002000235505045300255160215b xxu||||| |||| 00| 0 eng d a0721697577 a R123.C43 aChabner, Davi-Ellen  aThe language of medicine:ba write-in text explaining medical terms. /cDavi-Ellen Chabner  a7th  axxiv,1000 p.: bill, ;c26 cm. aIncludes index  aContents : Basic structure -- Terms pertaining to body as a whole -- Suffixes -- Prefixes -- Digestive system -- Additional suffixes and digestive system terminology -- Urinary system -- Female reproductive system -- Male reproductive system -- Nervous system Cardiovascular system -- Respiratory system -- Blood system -- Lymphatic and immune systems -- Musculoskeletal system -- Skin -- Sense organ: the eye and ear - Pharmacology -- Psychiatry.